00744cam a2200241 a 450000100090000000300050000900500170001400800410003101000170007202000380008904000180012705000210014508200180016610000200018424500540020424600190025825000120027726000580028930000470034750400510039465000200044570000370046515331166NUST20241114161459.0080616s2008 enka b 001 0 eng  a 2008274232 a9780198724674 (pbk. : alk. paper) aDLCcDLCdDLC00aQH507b.L47 200800a572.802852221 aLesk, Arthur M.10aIntroduction to bioinformatics /cArthur M. Lesk.30aBioinformatics a4th ed. aOxford ;aNew York :bOxford University Press,c2014. axxii, 347 p. :bill. (some col.) ;c25 cm. aIncludes bibliographical references and index. 0aBioinformatics. 4Catalouge by Rani shaista Kanwal